| 000 | 00633nam a2200217Ii 4500 | ||
|---|---|---|---|
| 003 | JO-AjNU | ||
| 008 | 230606s9999||||xx |||||||||||||| ||und|| | ||
| 020 | _a81-7656-019-7 | ||
| 040 |
_aJO-AjNU _beng _erda _cJO-AjNU |
||
| 041 | _aeng | ||
| 050 | 1 | 4 | _aQA76.6.O63.S72 |
| 100 | 3 |
_aRitchie,Colin, _eauthor _9712 |
|
| 245 | 0 | 0 | _aoperating systems incorporating unix windows |
| 250 | _a3 ed | ||
| 264 | 3 | 1 | _aBPB PUBLICAIONS :NEW DELHI |
| 300 | _a276p | ||
| 336 |
_atext _btxt _2rdacontent |
||
| 337 |
_aunmediated _bn _2rdamedia |
||
| 338 |
_avolume _bnc _2rdacarrier |
||
| 650 | 4 |
_aoperating systems incorporating unix windows _9713 |
|
| 999 |
_aE375 _c375 _d375 |
||